1992 1817 1582 1437 1813 1829 1597 1290 1731 1925 1797 1172 1394 1862 1678 1767 1362 1523 1556 1045 1115 1292 1729 1040 1290 1645 1904 1072 1447 1378 1892 1794 1729 1197 1278 1654 1117 1105 1529 1304 1111 1907 1767 1312 1913 1338 1836 1058 1450 1849 1498 1122 1448 1461 1374 1797 1715 1500 1682 1695 1502 1398 1166 1902 1712 1345 1253 1826 1695 1679 1051 1554 1177 1247 1865 1453 1976 1704 1308 1758 1356 1229 1569 1311 1341 1332 1465 1158 1940 1502 1346 1170 1806 1463 1481 1133 1322 1447 1418 BCNSPRNW ULIB Ver.6.0+V

เปลี่ยนเป็นภาษาไทย

Change to English
 แสดงรายละเอียดบรรณานุกรม
  กลับหน้าหลัก

Brief Record : Get Marc (ISO 2709) : E-mail record : QR code < ปิดหน้าต่าง
LEADER : 00000nam 2200000uu 4500
001    13399128280
003     ULIB
008    230529s2022||||th 000 0 tha d
020    ^a9786164077485
060 04 ^aWP100^bอ449
245 00 ^aOB&GYN: Update And Practical 2022:Obesity and Women s Health^cบรรณาธิการ, วรพงศ์ ภู่พงศ์, วิลาสินี อารีรักษ์
250    ^aพิมพ์ครั้งที่ 1
260    ^aกรุงเทพฯ :^bภาควิชาสูติศาสตร์-นรีเวชวิทยา คณะแพทยศาสตร์จุฬาลงกรณ์มหาวิทยาลัย,^c2565
300    ^ax, 304 p. :^bตาราง ;^c26 ซม.
650  2 ^aObstetrics
650  2 ^aGynecology
650  2 ^aGenital Diseases, Female
650  2 ^aGenital Neoplasms, Female
650  4 ^aนรีเวชวิทยา^xการรักษา
650  4 ^aสูติศาสตร์^xการรักษา
650  4 ^aอวัยวะสืบพันธุ์หญิง, เนื้องอก^xการรักษา
650  4 ^aผู้ป่วย^xการรักษา
700 0  ^aวรพงศ์ ภู่พงศ์,^eบรรณาธิการ
700 0  ^aวิลาสินี อารีรักษ์,^eบรรณาธิการ
710 2  ^aจุฬาลงกรณ์มหาวิทยาลัย. ^bภาควิชาสูติศาสตร์-นรีเวชวิทยา
945    ^p290^l0^i009361
945    ^p290^l0^i009362
945    ^p290^l0^i009363
945    ^p290^l0^i009364
945    ^p290^l0^i009365
945    ^p290^l0^i009366
945    ^p290^l0^i009367
945    ^p290^l0^i010768
999    ^aประนอม เกษจรัล
รายการนี้ยังไม่มีแท็ก
คุณยังไม่ได้ล็อกอิน คุณสามารถมีกิจกรรมร่วมกับเว็บไซต์ได้ แต่ต้องล็อกอินก่อน ::
  ล็อกอิน

รายการสื่อสารสนเทศ

ลำดับที่ ประเภท เลขเรียก/บาร์โค้ด สถานที่ สถานะ
1. วิทยาศาสตร์การแพทย์ และสุขภาพ
หนังสือสำรอง
สถานะ=หนังสือสำรอง
WP100 อ449 ฉ.1 
  Barcode: 009361
ห้องสมุดวิทยาเขตสวรรค์ประชารักษ์
►หนังสือทั่วไป
บนชั้น
2. วิทยาศาสตร์การแพทย์ และสุขภาพ
วิทยาศาสตร์การแพทย์ และสุขภาพ
WP100 อ449 ฉ.2 
  Barcode: 009362
ห้องสมุดวิทยาเขตสวรรค์ประชารักษ์
►หนังสือทั่วไป
บนชั้น
3. วิทยาศาสตร์การแพทย์ และสุขภาพ
วิทยาศาสตร์การแพทย์ และสุขภาพ
WP100 อ449 ฉ.3 
  Barcode: 009363
ห้องสมุดวิทยาเขตสวรรค์ประชารักษ์
►หนังสือทั่วไป
บนชั้น
4. วิทยาศาสตร์การแพทย์ และสุขภาพ
วิทยาศาสตร์การแพทย์ และสุขภาพ
WP100 อ449 ฉ.4 
  Barcode: 009364
ห้องสมุดวิทยาเขตสวรรค์ประชารักษ์
►หนังสือทั่วไป
บนชั้น
5. วิทยาศาสตร์การแพทย์ และสุขภาพ
วิทยาศาสตร์การแพทย์ และสุขภาพ
WP100 อ449 ฉ.5 
  Barcode: 009365
ห้องสมุดวิทยาเขตสวรรค์ประชารักษ์
►หนังสือทั่วไป
บนชั้น
6. วิทยาศาสตร์การแพทย์ และสุขภาพ
วิทยาศาสตร์การแพทย์ และสุขภาพ
WP100 อ449 ฉ.6 
  Barcode: 009366
ห้องสมุดวิทยาเขตสวรรค์ประชารักษ์
►หนังสือทั่วไป
บนชั้น
7. วิทยาศาสตร์การแพทย์ และสุขภาพ
วิทยาศาสตร์การแพทย์ และสุขภาพ
WP100 อ449 ฉ.7 
  Barcode: 009367
ห้องสมุดวิทยาเขตสวรรค์ประชารักษ์
►หนังสือทั่วไป
บนชั้น
8. วิทยาศาสตร์การแพทย์ และสุขภาพ
วิทยาศาสตร์การแพทย์ และสุขภาพ
WP100 อ449 ฉ.8 
  Barcode: 010768
ห้องสมุดวิทยาเขตสวรรค์ประชารักษ์
►หนังสือทั่วไป
บนชั้น

รายการใกล้เคียง
    หัวเรื่อง [Obstetrics]
    หัวเรื่อง [Gynecology]
    หัวเรื่อง [Genital Diseases, Female]
    หัวเรื่อง [Genital Neoplasms, Female]

BibComment


ยังไม่เคยถูกคอมเมนท์

คอมเมนท์ทรัพยากรรายการนี้
  คอมเมนท์: OBGYN Update And..


 Copyright 2026. Bcnsprnw @Library